Python ace the Interview Q and A Python (Record no. 14004)

MARC details
000 -LEADER
fixed length control field 00430nam a22001697a 4500
003 - CONTROL NUMBER IDENTIFIER
control field OSt
008 - FIXED-LENGTH DATA ELEMENTS--GENERAL INFORMATION
fixed length control field 260606b |||||||| |||| 00| 0 eng d
020 ## - INTERNATIONAL STANDARD BOOK NUMBER
International Standard Book Number 9789355427540
082 ## - DEWEY DECIMAL CLASSIFICATION NUMBER
Classification number 005.133 SOA
100 ## - MAIN ENTRY--PERSONAL NAME
Personal name SONI,Manish
245 ## - TITLE STATEMENT
Title Python ace the Interview Q and A Python
250 ## - EDITION STATEMENT
Edition statement 1st Ed
260 ## - PUBLICATION, DISTRIBUTION, ETC. (IMPRINT)
Place of publication, distribution, etc Mumbai
Name of publisher, distributor, etc Shroff Publishers and Distributors
Date of publication, distribution, etc 2025
300 ## - PHYSICAL DESCRIPTION
Extent 127p.
942 ## - ADDED ENTRY ELEMENTS (KOHA)
Source of classification or shelving scheme Dewey Decimal Classification
Koha item type Reference Books
Holdings
Withdrawn status Lost status Source of classification or shelving scheme Damaged status Not for loan Collection code Home library Current library Date acquired Source of acquisition Currency Cost, normal purchase price Bill Number Total Checkouts Full call number Acc. no. / Barcode Date last seen Actual Cost, discounted price Bill Date Koha item type
    Dewey Decimal Classification     Computer Science and Engineering in AI & Machine Learning PIET C-LIBRARY PIET C-LIBRARY 30/05/2026 Zafaa Books and Distributors INR 425.00 ZBD2026-27-0066   005.133 SOA 40346 06/06/2026 318.75 30/05/2026 Reference Books

Design & Developed by: PIET Central Library
R70 Miles Stone Pattikalyana Samalkha Panipat 132102
mail ID :- [email protected], Phone No:- 0180-2569700 Ex.216